Medical Laboratory (Record no. 6259)

MARC details
000 -LEADER
fixed length control field 00206nam a22000857a 4500
008 - FIXED-LENGTH DATA ELEMENTS--GENERAL INFORMATION
fixed length control field 170302b xxu||||| |||| 00| 0 eng d
020 ## - INTERNATIONAL STANDARD BOOK NUMBER
International Standard Book Number 9788131227039
100 ## - MAIN ENTRY--PERSONAL NAME
9 (RLIN) 3016
Personal name Hall.J.E
245 ## - TITLE STATEMENT
Title Medical Laboratory
260 ## - PUBLICATION, DISTRIBUTION, ETC. (IMPRINT)
Place of publication, distribution, etc. Gurgaon
Name of publisher, distributor, etc. HT
Date of publication, distribution, etc. 2011
Holdings
Withdrawn status Lost status Source of classification or shelving scheme Damaged status Koha normalized classification for sorting Not for loan Home library Current library Shelving location Date acquired Total Checkouts Full call number Barcode Date last seen Price effective from Koha item type
    Dewey Decimal Classification   HAL_616_075000000000000_C4   Good Samaritan School Library Good Samaritan School Library Medical Diagnostics 03/02/2017   HAL616.075 C-4 HAL10910 03/02/2017 03/02/2017 Reference

Powered by Koha